| 000 | 01103 a2200265 4500 | ||
|---|---|---|---|
| 999 |
_c160217 _d26468 |
||
| 001 | 160217 | ||
| 003 | TR-AnTOB | ||
| 005 | 20230811153627.0 | ||
| 008 | 071010s2003 tu 00000 tur | ||
| 040 |
_aTOBB ETÜ _beng _cTR-AnTOB _erda |
||
| 041 | _atur | ||
| 050 | 1 |
_aHD2056.7 _b.A58 2002 TOBBK |
|
| 090 | _aHD2056.7 .A58 2002 TOBBK | ||
| 245 | 0 |
_aAntalya ili tarım master planı : _bİl tarım ve kırsal kalkınma master planlarının hazırlanmasına destek projesi / _cT. C. Tarım ve Köyişleri Bakanlığı Araştırma Planlama ve Koordinasyon Kurulu Başkanlığı Antalya Tarım İl Müdürlüğü Antalya Tarımsal Master Plan Hazırlama Ekibi Süleyman Kelten...[ve başkl.]. |
|
| 264 | 1 |
_a[Antalya]: _bTarım ve Köy İşleri Bakanlığı Antalya Tarım İl Müdürlüğü, _c2002. |
|
| 300 |
_a363 s.: _bhrt.,tabl.; _c29 cm. |
||
| 650 | 0 |
_aTarım ve devlet _zTürkiye _zAntalya _966449 |
|
| 650 | 0 |
_aAgriculture and state _zTurkey _zAntalya _966450 |
|
| 700 | 1 |
_aKelten, Süleyman _966446 |
|
| 700 | 1 |
_aKaraçay, Baki _966447 |
|
| 901 | _aT000370 | ||
| 902 | _aMÇ | ||
| 942 |
_cBK _2lcc |
||